Prievidza

Zobrazenie: pohľad na Štátne reálne gymnázium Fr. Sasinka v Prievidzi

Bibliographic Details
Corporate Author: Grafo Čuda (Holice, Česko) (Author)
Format: Postcard
Language:Slovak
PhysicalDescription:1 pohľadnica čiernobiela 9 x 14 cm
Published: [Bratislava] Slovakotour [1960]
Subjects:

MARC

LEADER 00000nkm a2200000 a 4500
001 vtls008187980
003 SK-MaSNL
005 20260512122007.0
007 kp bo
008 231206q1960 xo g kuslo
035 |a B3614BD1-7D37-4FDF-A4D1-600140EE08A3 
035 |a urn:nbn:sk:snk-km004kho 
035 |a urn:nbn:sk:snk-kmtgo3 
040 |a SNK  |b slo  |c SNK  |e AACR2 
041 0 |a slo 
043 |a e-xo--- 
044 |a xo  |c SK 
080 |a 373.54  |2 2001 
080 |a (437.6)  |2 2001 
080 |a (084.121)  |2 2001 
110 2 |a Grafo Čuda (Holice, Česko)  |4 aut  |9 160884 
245 0 0 |a Prievidza  |h grafika  |c [foto] Grafo Čuda 
260 |a [Bratislava]  |b Slovakotour  |c [1960] 
300 |a 1 pohľadnica  |b čiernobiela  |c 9 x 14 cm 
520 8 |a Zobrazenie: pohľad na Štátne reálne gymnázium Fr. Sasinka v Prievidzi 
650 0 7 |a gymnáziá  |2 SNKPH  |9 16386 
651 7 |a Prievidza (Slovensko)  |2 SNKPH  |9 25558 
655 7 |a miestne pohľadnice  |2 SNKPH  |9 70510 
852 |a Slovenská národná knižnica 
958 |a GC 
958 |a GBN 
958 |a OND 
999 |c 561777  |d 563707 
952 |a SNK  |b SNK  |y PREZ  |7 0  |p 17A0481465  |o snkSP 99154  |3 rekatalogizácia  |0 0  |1 0  |4 0  |d 2005-08-04  |f 1  |l 0  |r 2026-02-23 13:45:24  |w 2026-02-23